<?xml version="1.0" encoding="UTF-8"?><?xml-stylesheet type="text/xsl" href="static/style.xsl"?><OAI-PMH xmlns="http://www.openarchives.org/OAI/2.0/" xmlns:xsi="http://www.w3.org/2001/XMLSchema-instance" xsi:schemaLocation="http://www.openarchives.org/OAI/2.0/ http://www.openarchives.org/OAI/2.0/OAI-PMH.xsd"><responseDate>2026-04-17T16:13:33Z</responseDate><request verb="GetRecord" identifier="oai:www.recercat.cat:10256/13721" metadataPrefix="marc">https://recercat.cat/oai/request</request><GetRecord><record><header><identifier>oai:recercat.cat:10256/13721</identifier><datestamp>2024-06-18T13:52:49Z</datestamp><setSpec>com_2072_452955</setSpec><setSpec>com_2072_2054</setSpec><setSpec>col_2072_453073</setSpec></header><metadata><record xmlns="http://www.loc.gov/MARC21/slim" xmlns:dcterms="http://purl.org/dc/terms/" xmlns:xsi="http://www.w3.org/2001/XMLSchema-instance" xmlns:doc="http://www.lyncode.com/xoai" xsi:schemaLocation="http://www.loc.gov/MARC21/slim http://www.loc.gov/standards/marcxml/schema/MARC21slim.xsd">
   <leader>00925njm 22002777a 4500</leader>
   <datafield ind2=" " ind1=" " tag="042">
      <subfield code="a">dc</subfield>
   </datafield>
   <datafield ind2=" " ind1=" " tag="720">
      <subfield code="a">Migani, Annapaola</subfield>
      <subfield code="e">author</subfield>
   </datafield>
   <datafield ind2=" " ind1=" " tag="720">
      <subfield code="a">Blancafort San José, Lluís</subfield>
      <subfield code="e">author</subfield>
   </datafield>
   <datafield ind2=" " ind1=" " tag="260">
      <subfield code="c">info:eu-repo/date/embargoEnd/2026-01-01</subfield>
   </datafield>
   <datafield ind2=" " ind1=" " tag="260">
      <subfield code="c">info:eu-repo/date/embargoEnd/2026-01-01</subfield>
   </datafield>
   <datafield ind2=" " ind1=" " tag="260">
      <subfield code="c">2016-12-14</subfield>
   </datafield>
   <datafield ind2=" " ind1=" " tag="520">
      <subfield code="a">CH3OH on a single-crystal rutile TiO2(110) surface is a widely studied model system for heterogeneous photocatalysis. Using spin-polarized density functional theory with a hybrid functional (HSE06), we study the photocatalytic oxidation of CH3OH adsorbed at a coordinately unsaturated Ti site as an excited-state process with triplet spin multiplicity. The oxidation to CH2O is stepwise and involves a CH3O intermediate. The first O-H dissociation step follows an excitonic interfacial proton-coupled electron transfer mechanism where the hole-electron (h-e) pair generated during the excitation is bound, and the h is transferred to the adsorbate. The O-H dissociation paths associated with other h-e pairs are unreactive, and the moderate experimental efficiency is due to the different reactivity of the h-e pairs. The excited-state CH3O intermediate further deactivates through a seam of intersection between the ground and excited states. It can follow three different paths, regeneration of adsorbed CH3OH or formation of the ground-state CH3O anion or an adsorbed CH2O radical anion. The third channel corresponds to photochemical CH2O formation from CH3OH, where a single photon induces one electron oxidation and transfer of two protons. These results expand the current view on the photocatalysis of CH3OH on TiO2(110) by highlighting the role of excitons and showing that adsorbed CH3OH may also be an active species in the photocatalytic oxidation to CH2O</subfield>
   </datafield>
   <datafield ind2=" " ind1=" " tag="520">
      <subfield code="a">We acknowledge financial support from Spanish Ministerio de Economía y Competitividad (FIS2012-37549-C05-02, UNGI10-4E-801, RYC-2011-09582, CTQ2015-69363-P), Generalitat de Catalunya (2014SGR-301, 2014SGR-1202, XRQTC), and computational time from BSC Red Española de Supercomputación and Consorci de Serveis Universitaris de Catalunya</subfield>
   </datafield>
   <datafield ind1="8" ind2=" " tag="024">
      <subfield code="a">http://hdl.handle.net/10256/13721</subfield>
   </datafield>
   <datafield tag="653" ind2=" " ind1=" ">
      <subfield code="a">Fotocatàlisi</subfield>
   </datafield>
   <datafield tag="653" ind2=" " ind1=" ">
      <subfield code="a">Photocatalysis</subfield>
   </datafield>
   <datafield tag="653" ind2=" " ind1=" ">
      <subfield code="a">Funcional de densitat, Teoria del</subfield>
   </datafield>
   <datafield tag="653" ind2=" " ind1=" ">
      <subfield code="a">Density functionals</subfield>
   </datafield>
   <datafield tag="653" ind2=" " ind1=" ">
      <subfield code="a">Reacció d'oxidació-reducció</subfield>
   </datafield>
   <datafield tag="653" ind2=" " ind1=" ">
      <subfield code="a">Oxidation-reduction reaction</subfield>
   </datafield>
   <datafield tag="653" ind2=" " ind1=" ">
      <subfield code="a">Protons -- Reaccions de transferència</subfield>
   </datafield>
   <datafield tag="653" ind2=" " ind1=" ">
      <subfield code="a">Proton transfer reactions</subfield>
   </datafield>
   <datafield ind2="0" ind1="0" tag="245">
      <subfield code="a">Excitonic Interfacial Proton-Coupled Electron Transfer Mechanism in the Photocatalytic Oxidation of Methanol to Formaldehyde on TiO2(110)</subfield>
   </datafield>
</record></metadata></record></GetRecord></OAI-PMH>